Score 0/7 Timer 03:00
0 Plays Today
Question Answer Wrong Answers
To Kill a Mockingbird, a film adaption of this author's book, is released.
1962
Harper Lee
94.7%
Louisa May Alcott
1.4%
Flannery O'Connor
1.3%
Margaret Mitchell
1.6%
This Crown Prince of Japan assumes the throne upon the death of his father. He would remain Emperor for over 62 years.
1926
Hirohito
90.8%
Akihito
5.4%
Morohito
1.9%
Okiko
1.4%
This American musician, songwriter, author, and actor, known for hit songs such as 'Margaritaville', is born in Pascagoula, Mississippi.
1946
Jimmy Buffett
87.1%
Billy Ray Cyrus
8.4%
David Bowie
1.8%
Jon Bon Jovi
1.9%
This English singer, known as half of the duo Wham!, dies of heart failure at the age of 53.
2016
George Michael
87.1%
Andrew Ridgeley
5.5%
Nick Drake
2.6%
Marc Bolan
3%
This US President orders a halt to bombing operations in North Vietnam, hoping to spur peace talks.
1965
Lyndon B. Johnson
78.3%
Richard Nixon
11%
John F. Kennedy
6.8%
Gerald Ford
2.3%
This American composer creates the music for his best-known march, The Stars and Stripes Forever.
1896
John Philip Sousa
78.3%
George Gershwin
11.3%
Aaron Copland
7.4%
John Cage
3%
This man, the first and last President of the Soviet Union, formally resigns in a televised speech.
1991
Mikhail Gorbachev
72.7%
Leonid Brezhnev
4.3%
Boris Yeltsin
19.7%
Konstantin Chernenko
1.7%
Remove Ads.
Support Sporcle.
Get the best of Sporcle when you Go Orange. This ad-free experience offers more features, more stats, and more fun while also helping to support Sporcle. Thank you for becoming a member.

You're not logged in!

Compare scores with friends on all Sporcle quizzes.
OR
Log In

Show Comments

Extras

Top Quizzes Today


Score Distribution

Your Account Isn't Verified!

In order to create a playlist on Sporcle, you need to verify the email address you used during registration. Go to your Sporcle Settings to finish the process.

Report this User

Report this user for behavior that violates our Community Guidelines.

Details: